| 000 | 01220nam a2200289 a 4500 | ||
|---|---|---|---|
| 001 | 39867 | ||
| 003 | BD-RjUL | ||
| 005 | 20211209053057.0 | ||
| 008 | 160419s2002 bg ||||| b||| 000 1 ben d | ||
| 020 |
_a9840742906 (V-3) _c: Tk.210.00 |
||
| 035 | _a(BD-RjUL)39981 | ||
| 040 |
_aBD-RjUL _bben _cBD-RjUL |
||
| 041 | _aben | ||
| 082 |
_223 _a891.4408 _bKHE 2002 |
||
| 100 |
_aখাঁ, ইবরাহীম. _9122819 |
||
| 245 | 1 | 0 |
_aইবরাহীম খাঁ রচনাবলী / _cইবরাহীম খাঁ ; মোহাম্মদ আবদুল মজিদ সম্পাদিত |
| 260 |
_aঢাকা : _bবাংলা একাডেমী, _c২০০২. |
||
| 300 |
_aখন্ড : _bচিত্র ; _c২২ সেমি. |
||
| 490 |
_aবাএ ; _v৪২৮১ |
||
| 504 | _aগ্রন্থপঞ্জি সংযুক্ত | ||
| 505 | 0 | _aখন্ড ৩ -- | |
| 650 |
_aবাংলা প্রবন্ধ _9122820 _xসংগ্রহ |
||
| 650 |
_aBangali Essays _9122821 _xCollected Work |
||
| 700 |
_aমজিদ, মোহাম্মদ আবদুল, সম্পাদক _9122822 |
||
| 830 |
_aবাএ ; _v৪২৮১ _9161484 |
||
| 942 |
_2ddc _cBK _01 |
||
| 999 |
_c39867 _d39867 |
||